Top 15 JetPunk-Quizzes not about Geography - Statistics

General Stats
  • This quiz has been taken 4 times
  • The average score is 4 of 15
Answer Stats
Takes Quiz % Correct
3,066,318 U.S. Presidents Quiz
75%
4,000,892 12 Months in 15 Seconds
50%
1,870,733 Elements of the Periodic Table Quiz
50%
4,896,978 Fast Typing 1 to 100
50%
5,122,926 Fast Typing A to Z
50%
2,036,363 Brand Logos Quiz #1
25%
1,433,945 Brand Logos Quiz #2
25%
1,034,843 Brand Logos Quiz #3
25%
2,227,832 NBA Basketball Teams Quiz
25%
2,016,699 NFL Football Teams Quiz
25%
1,135,067 100 Most Common English Words
0%
979,126 Digits of Pi
0%
1,007,596 Fast Math - Multiplication
0%
1,035,106 NBA MVPs Quiz
0%
989,731 Planets of the Solar System Quiz
0%
No matching quizzes found
Score Distribution
Percent of People with Each Score
Percentile by Number Answered
Your Score History
You have not taken this quiz